| Tag |
First Indicator |
Second Indicator |
Subfields |
| LEADER |
00000cam a2200000 a 4500 |
| 001 |
in00001402574 |
| 005 |
20151020055433.0 |
| 008 |
970415s1998 flu b 001 0 eng |
| 010 |
|
|
|a 97018680
|
| 020 |
|
|
|a 0894649493 (pbk. : alk. paper)
|
| 035 |
|
|
|a (OCoLC)36783913
|
| 035 |
|
|
|9 AHN4463AM
|
| 040 |
|
|
|a DLC
|c DLC
|d TXA
|d UtOrBLW
|
| 043 |
|
|
|a n-us---
|
| 049 |
|
|
|a TXAM
|
| 050 |
0 |
0 |
|a E188
|b .J83 1998
|
| 082 |
0 |
0 |
|a 973.2
|2 21
|
| 100 |
1 |
|
|a Judd, Jacob,
|d 1929-
|
| 245 |
1 |
0 |
|a Colonial America :
|b a basic history /
|c by Jacob Judd.
|
| 250 |
|
|
|a Original ed.
|
| 264 |
|
1 |
|a Malabar, Fla. :
|b Krieger Pub. Co.,
|c 1998.
|
| 300 |
|
|
|a iv, 249 pages ;
|c 21 cm.
|
| 336 |
|
|
|a text
|b txt
|2 rdacontent
|
| 337 |
|
|
|a unmediated
|b n
|2 rdamedia
|
| 338 |
|
|
|a volume
|b nc
|2 rdacarrier
|
| 490 |
1 |
|
|a The Anvil series
|
| 500 |
|
|
|a "An Anvil original."
|
| 504 |
|
|
|a Includes bibliographical references (pages 245-247) and index.
|
| 651 |
|
0 |
|a United States
|x History
|y Colonial period, ca. 1600-1775.
|
| 830 |
|
0 |
|a Anvil series.
|
| 948 |
|
|
|a c:dm
|
| 999 |
|
|
|a MARS
|
| 999 |
f |
f |
|s c5d98205-043f-3e46-9e2a-fbb14d5cb4c4
|i 12061ad5-e8d6-3919-bf68-5ca03cebd459
|t 0
|
| 952 |
f |
f |
|p normal
|a Texas A&M University
|b College Station
|c Sterling C. Evans Library
|d Evans: Library Stacks
|t 0
|e E188 .J83 1998
|h Library of Congress classification
|i unmediated -- volume
|m A14823577976
|
| 998 |
f |
f |
|a E188 .J83 1998
|t 0
|l Evans: Library Stacks
|